000 00365nam a2200133Ia 4500
008 151001s9999||||xx |||||||||||||| ||und||
100 _aA. S. Deshpande
245 4 _aThe payment of wage act.
250 _a1
260 _bA.S.Deshpande
260 _c1967
300 _a364
365 _b25
999 _c964381
_d964378